000 00327 a2200145 4500
001 154153
040 _cEscola São Tomás de Aquino
100 _aMURRAY, Roseana
240 1 0 _aExercícios de amor
_lpor
245 1 0 _aExercícios de amor
300 _a91
362 0 _a2014
697 _aLITERATURA BRASILEIRA
942 _cBK
999 _c154153
_d154153